| 000 | 01615nam a22002897a 4500 | ||
|---|---|---|---|
| 001 | 1260 | ||
| 005 | 20230809153814.0 | ||
| 008 | 230809b cb ||||| |||| 00| 0 khr d | ||
| 020 | _a9789924340522 | ||
| 040 |
_aFISKH _beng _cFISKH _dFISKH |
||
| 082 | _a591.7 | ||
| 100 | _aZeveren, Michel Van | ||
| 245 |
_aអាហ្នឹង របស់ខ្ញុំ! / _cនិពន្ធ និងគូររូបដោយ មីសែល វ៉ាន់ហ្សេវឺរិន ; បកប្រែពីភាសាបារាំងដោយ អ៊ូច សូដានី |
||
| 250 | _aបោះពូម្ពលើកទី ៤ កុម្ភៈ ២០២២ | ||
| 260 |
_aPhnom Penh : _bSipar, _c2022. |
||
| 300 |
_a28 pages : _bcolor illustrations ; _c27 cm |
||
| 490 | _aតស់អាន! | ||
| 505 | _aK | ||
| 520 | _aកង្កែបបានឃើញស៊ុតមួយ ចំណែកឯ ពស់ ឥន្ទ្រី និងត្រកួតយក្ស បានមកដណ្ដើមស៊ុតនោះរៀងៗខ្លួន។ ក្រោយមក ស៊ុតនោះក៏បានញ័សក្លាយជាសត្វក្រពើរ។ | ||
| 520 | _aThe frog saw an egg, while the serpent, the eagle, and the giant came to grab the egg, respectively. The egg later hatched into a crocodile. | ||
| 521 |
_a510
_bLexile estimate |
||
| 521 |
_aK
_bRaz-Plus |
||
| 650 |
_2Egg _vGrab _xAnimals |
||
| 650 |
_2ពង _vដណ្ដើម _xសត្វ |
||
| 700 |
_aZeveren, Michel Van _cillustrator |
||
| 942 |
_2ddc _cBK _n0 |
||
| 999 |
_c1260 _d1260 |
||